【乃木フラ】グループ対抗ツアーの会場 - Statistics

General Stats
  • This quiz has been taken 2 times
  • The average score is 12 of 21
Answer Stats
Hint Answer % Correct
中会場 さいたま
100%
中会場 幕張
100%
小会場 横浜
100%
大会場 神宮
50%
中会場 千代田
50%
中会場 代々木
50%
小会場 三崎
50%
小会場 富津
50%
小会場 八王子
50%
小会場 川越
50%
小会場 足利
50%
小会場 つくば
50%
小会場 水戸
50%
小会場 かすみがうら
50%
小会場 成田
50%
小会場 茂原
50%
小会場 沼津
50%
小会場 富士
50%
小会場 西多摩
50%
小会場 秩父
50%
小会場 箱根
0%
No matching quizzes found
Score Distribution
Percent of People with Each Score
Percentile by Number Answered
Your Score History
You have not taken this quiz